[Event "SVK-chT3A2 1819"]
[Site "Slovakia"]
[Date "2019.03.24"]
[Round "11.3"]
[White "Slezak, Vladimir"]
[Black "Svrcek, Daniel"]
[Result "0-1"]
[WhiteElo "1499"]
[BlackElo "1323"]
[PlyCount "50"]
[EventDate "2018.10.07"]
[EventType "team-tourn"]
[EventRounds "11"]
[EventCountry "SVK"]
[SourceTitle "EXT 2020"]
[Source "ChessBase"]
[SourceDate "2019.10.17"]
[SourceVersion "1"]
[SourceVersionDate "2019.10.17"]
[SourceQuality "1"]
[WhiteTeam "Trnava Lokomotiva III"]
[BlackTeam "Holic"]
[WhiteTeamCountry "SVK"]
[BlackTeamCountry "SVK"]

1. d4 e6 2. Nc3 d5 3. Nf3 c5 4. Bf4 Nc6 5. e3 Qb6 6. Bb5 Bd7 7. Ne5 Nxe5 8. Bxd7+ Nxd7 9. Rb1 Bd6 10. Qg4 g6 11. Bxd6 Qxd6 12. Nb5 Qb6 13. a4 a6 14. dxc5 Qxc5 15. b4 Qb6 16. Nd4 Qc7 17. Rb3 Qe5 18. 0-0 Ngf6 19. Qd1 0-0 20. Qa1 Ne4 21. f4 Qg7 22. Rd1 Nb6 23. b5 Nc4 24. bxa6 bxa6 25. g3 Rfc8 0-1